000 01238nam0a22002651 4500
001 rc\858392
005 20260407103444.0
035 _a(NLR Aleph) 006038317
090 _a7600872
_c7600872
100 _a20041129d1984 |||y0rusy50 ca
101 0 _arus
102 _aRU
105 _aa |||||||||
200 1 _aПроблемы и перспективы развития нефтегазовых комплексов в Сибири
_eСб. науч. тр.
_fАН СССР, Сиб. од-ние, Ин-т экономики и орг. пром. пр-ва
_gПод ред. Ю.И. Максимова, Г.М. Мкртчяна
210 _aНовосибирск
_cИЭИОПП
_d1984
215 _a146 с.
_cил.
_d20
320 _aБиблиогр. в конце ст.
702 1 _4340
_7ca
_8rus
_aМаксимов
_bЮ. И.
_cд-р техн. наук
_f1936-1991
_gЮрий Иванович
_9254866
_3RU\NLR\AUTH\770254922
712 0 2 _aИнститут экономики и организации промышленного производства
_cНовосибирск
_3RU\NLR\AUTH\889932312
_9359941
801 0 _aRU
_bNLR
_gpsbo
801 1 _aRU
_bELAR
_2rusmarc
852 _aNLR
_j85-3/6461
942 _cBOOK
980 _aNB